Činnosti zatriedené do sekcie F klasifikácie CPA v roku 2016

Tuzemský prenos daňovej povinnosti v sektore stavebníctva sa uplatňuje na dodanie stavebných prác vrátane dodania stavby alebo jej časti na základe zmluvy o dielo alebo inej zmluvy, ktoré patria do sekcie F klasifikácie CPA.

Salvato in:
Dettagli Bibliografici
Autore principale: Válek, Juraj, 1981-
Natura: Capitolo di libro
Lingua:slovacco
Soggetti:
Tags: Aggiungi Tag
Nessun Tag, puoi essere il primo ad aggiungerne!!

MARC

LEADER 00000naa a2200000 4500
001 0226083
005 20240502073719.2
041 0 |a slo 
044 |a SK 
245 1 0 |a Činnosti zatriedené do sekcie F klasifikácie CPA v roku 2016  |c Juraj Válek 
520 |a Tuzemský prenos daňovej povinnosti v sektore stavebníctva sa uplatňuje na dodanie stavebných prác vrátane dodania stavby alebo jej časti na základe zmluvy o dielo alebo inej zmluvy, ktoré patria do sekcie F klasifikácie CPA. 
610 2 0 |a povinnosť daňová 
610 2 0 |a dane z hodnoty pridanej 
610 2 0 |a priznania daňové 
610 2 0 |a správa daňová 
610 2 0 |a predpisy daňové 
610 2 0 |a dane 
610 2 0 |a stavebníctvo 
100 1 |a Válek, Juraj, 1981-